Sexual harassment at workplace / (Record no. 97762)

MARC details
000 -LEADER
fixed length control field 00647nam a22002057a 4500
005 - DATE AND TIME OF LATEST TRANSACTION
control field 20151203155216.0
010 ## - LCCN (DPL NO)
LC control number ENG-114286
020 ## - INTERNATIONAL STANDARD BOOK NUMBER
Terms of availability 550.00
International Standard Book Number 9789350354728
035 ## - SYSTEM CONTROL NUMBER
System control number EN-97818
037 ## - SOURCE OF ACQUISITION
Source of stock number/acquisition DBAD/PUB
082 ## - DEWEY DECIMAL CLASSIFICATION NUMBER
Classification number 344.54014133
100 ## - MAIN ENTRY--PERSONAL NAME
Personal name Jaising , Indira
245 ## - TITLE STATEMENT
Title Sexual harassment at workplace /
Statement of responsibility, etc by Indira Jaising ; edited by Shomona Khanna
250 ## - EDITION STATEMENT
Edition statement 2nd ed
260 ## - PUBLICATION, DISTRIBUTION, ETC. (IMPRINT)
Place of publication, distribution, etc New Delhi
Name of publisher, distributor, etc Universal Law Publishing
Date of publication, distribution, etc 2014
270 ## - ADDRESS
Address A-58, , G.T. Karnal Road Industrial Area
City New Delhi
Postal code 110033
300 ## - PHYSICAL DESCRIPTION
Extent xxix,314p.
Dimensions 24cm(Hb)
700 ## - ADDED ENTRY--PERSONAL NAME
Personal name Khanna, Shomona
942 ## - ADDED ENTRY ELEMENTS (KOHA)
Source of classification or shelving scheme Dewey Decimal Classification
Item type English Books
Call number suffix JAI
Classification part 344.54014133
Holdings
Withdrawn status Lost status Not for loan Collection code Home library Current library Date acquired Source of acquisition Cost, normal purchase price Full call number Barcode Copy number Cost, replacement price Koha item type
    Not For Loan Non-fiction D.B.Act.Division D.B.Act.Division 13/10/2015 DBAD/PUB 550.00 344.54014133 JAI EN-97818 1 550.00 English Books

© Delhi Public Library
Hit Counter
free hit counter